| 000 | 00458nam a22001337a 4500 | ||
|---|---|---|---|
| 005 | 20260617094927.0 | ||
| 008 | 181221b ||||| |||| 00| 0 eng d | ||
| 040 | _cPK-LaUMT | ||
| 082 |
_aRHC 297.05 _bABU-A |
||
| 100 | 1 |
_aMaududi, Syed Abul Ala _911418 |
|
| 245 |
_aAl assussal Ikhlaiya lil harkatul Islamia(الاسس الاخلاقیۃ للحرکۃ الاسلامیۃ) / _cAbul ala Maududi |
||
| 260 |
_aالریاض: _bدارالسعودیۃ |
||
| 942 | _cBK | ||
| 999 |
_c109733 _d109733 |
||